| 000 | 00611nam a2200193 i 4500 | ||
|---|---|---|---|
| 001 | 73915 | ||
| 003 | ES-MaACL | ||
| 005 | 20230906171947.0 | ||
| 007 | t| | ||
| 008 | 040913s1964 sp ||||1| spa d | ||
| 100 | 1 |
_aGonseth, Ferdinand. _958258 |
|
| 245 | 1 | 3 |
_aLe problème du temps _b: essai sur la méthodologie de la recherche / _cpar Ferdinand Gonseth. |
| 260 |
_aNeuchatel : _bGriffon, _c1964. |
||
| 300 |
_a382 p. ; _c23 cm. |
||
| 490 | 1 |
_aBibliothèque scientifique ; _v38 |
|
| 830 | 0 |
_aBibliothèque scientifique ; _v38 _9181657 |
|
| 852 |
_aES-MaACL _jL-12384 _bR.113830 |
||
| 999 |
_c73915 _d73915 |
||